[Event "GRE-ch U16"]
[Site "Achaia"]
[Date "2017.07.01"]
[Round "8"]
[White "Michalis, Christos Panagiotis"]
[Black "Chytiroglou Koutsokeras, Georgio"]
[Result "1-0"]
[WhiteElo "1368"]
[BlackElo "1368"]
[PlyCount "97"]
[EventDate "2017.06.26"]
[EventType "swiss"]
[EventRounds "9"]
[EventCountry "GRE"]
[SourceTitle "CBM 179 Extra"]
[Source "ChessBase"]
[SourceDate "2017.08.23"]
[SourceVersion "1"]
[SourceVersionDate "2017.08.23"]
[SourceQuality "1"]

1. e4 e5 2. Nf3 Nc6 3. Bc4 Bc5 4. d3 Nf6 5. 0-0 0-0 6. c3 Bb6 7. b4 a6 8. a4 d6 9. Bg5 h6 10. Bh4 Bg4 11. Nbd2 g5 12. Bg3 Ne7 13. h3 Bd7 14. Re1 Ng6 15. d4 exd4 16. cxd4 g4 17. hxg4 Bxg4 18. Nf1 Nh5 19. Ne3 Be6 20. Bxe6 fxe6 21. Bh2 Qe7 22. Nc4 Ba7 23. d5 e5 24. Rb1 Rf7 25. Ne3 Raf8 26. Nf5 Rxf5 27. exf5 Rxf5 28. Rf1 Qg7 29. Kh1 Nhf4 30. Bxf4 Nxf4 31. g3 Rh5+ 32. Nh2 Qg5 33. gxf4 Qh4 34. Rg1+ Kh8 35. Rg2 exf4 36. Qg4 Qxg4 37. Rxg4 Bxf2 38. Kg2 Bg3 39. Nf1 Rxd5 40. Nxg3 fxg3 41. Rxg3 Re5 42. Rf1 Re7 43. Kh3 b6 44. Kh4 c5 45. bxc5 dxc5 46. Rf6 Kh7 47. Rxb6 Re4+ 48. Rg4 Rxg4+ 49. Kxg4 1-0

[Event "GRE-ch U16"]
[Site "Achaia"]
[Date "2017.06.29"]
[Round "5"]
[White "Argyropoulos, Theodoros"]
[Black "Chytiroglou Koutsokeras, Georgio"]
[Result "1-0"]
[WhiteElo "1629"]
[BlackElo "1368"]
[PlyCount "93"]
[EventDate "2017.06.26"]
[EventType "swiss"]
[EventRounds "9"]
[EventCountry "GRE"]
[SourceTitle "CBM 179 Extra"]
[Source "ChessBase"]
[SourceDate "2017.08.23"]
[SourceVersion "1"]
[SourceVersionDate "2017.08.23"]
[SourceQuality "1"]

1. e4 e5 2. Nf3 Nc6 3. d4 exd4 4. Bc4 Nf6 5. e5 d5 6. Bb5 Ne4 7. Nxd4 Bd7 8. Bxc6 bxc6 9. 0-0 Bc5 10. f3 Ng5 11. f4 Ne4 12. c3 0-0 13. Be3 Bb6 14. Nd2 f5 15. Rf3 c5 16. N4b3 a5 17. Nxe4 fxe4 18. Qxd5+ Kh8 19. Qxe4 Bf5 20. Qc6 Re8 21. Nxc5 Bxc5 22. Qxc5 Re6 23. Rf2 Rg6 24. Rd2 Qh4 25. Qxc7 Rh6 26. g3 Rg6 27. Rg2 Qg4 28. Qc4 h5 29. Kf2 h4 30. Qe2 hxg3+ 31. hxg3 Qh3 32. Qf3 Rb8 33. b3 Bc8 34. g4 Qxf3+ 35. Kxf3 Bb7+ 36. Kf2 Bxg2 37. Kxg2 Rxg4+ 38. Kf3 Rg6 39. Rd1 Rc6 40. Bd4 Kg8 41. Rg1 Rd8 42. Ke4 Kf7 43. f5 Kf8 44. e6 Rcd6 45. Bc5 a4 46. Ke5 axb3 47. axb3 1-0

[Event "GRE-ch U16"]
[Site "Achaia"]
[Date "2017.06.27"]
[Round "2"]
[White "Chytiroglou Koutsokeras, Georgio"]
[Black "Posonidis, Theodoros"]
[Result "0-1"]
[WhiteElo "1368"]
[BlackElo "1147"]
[PlyCount "72"]
[EventDate "2017.06.26"]
[EventType "swiss"]
[EventRounds "9"]
[EventCountry "GRE"]
[SourceTitle "CBM 179 Extra"]
[Source "ChessBase"]
[SourceDate "2017.08.23"]
[SourceVersion "1"]
[SourceVersionDate "2017.08.23"]
[SourceQuality "1"]

1. e4 c6 2. d4 d5 3. Nc3 dxe4 4. Nxe4 Nd7 5. Nf3 Ngf6 6. Ng3 e6 7. Bd3 Be7 8. 0-0 0-0 9. Bf4 Nd5 10. Bd2 b6 11. c4 N5f6 12. Qc2 Bb7 13. Ne5 c5 14. Be3 h6 15. Nxd7 Nxd7 16. Rad1 Qc7 17. Qd2 g5 18. f4 f6 19. Qc2 f5 20. Qd2 g4 21. d5 Bh4 22. dxe6 Bxg3 23. hxg3 Nb8 24. Bc2 Qc6 25. Qd5 Kg7 26. Qe5+ Rf6 27. Rf2 Qxe6 28. Rfd2 Qxe5 29. fxe5 Re6 30. Bf4 Kg6 31. Rd6 Bc8 32. Rxe6+ Bxe6 33. Rd6 Kf7 34. Bxh6 Nd7 35. Bf4 Re8 36. Bxf5 Bxf5 0-1